ბათუმის შოთა რუსთაველის სახელმწიფო უნივერსიტეტის ბიბლიოთეკა

Логика : Учеб. пособие для пед. ин-тов (ბიბ.ჩანაწერი № 38869)

000 -LEADER
fixed length control field 00553nam a2200205Ia 4500
001 - CONTROL NUMBER
control field 5282
003 - CONTROL NUMBER IDENTIFIER
control field GE_BSU
008 - FIXED-LENGTH DATA ELEMENTS--GENERAL INFORMATION
fixed length control field 181216s||||||||xx |||||||||||||| ||und||
040 ## - CATALOGING SOURCE
Transcribing agency GE_BSU
100 ## - MAIN ENTRY--PERSONAL NAME
Personal name Горский Д.П.
245 ## - TITLE STATEMENT
Title Логика : Учеб. пособие для пед. ин-тов
250 ## - EDITION STATEMENT
Edition statement изд. 2-е исправ
260 ## - PUBLICATION, DISTRIBUTION, ETC.
Place of publication, distribution, etc. Москва.
260 ## - PUBLICATION, DISTRIBUTION, ETC.
Name of publisher, distributor, etc. Учпедгиз,
260 ## - PUBLICATION, DISTRIBUTION, ETC.
Date of publication, distribution, etc. 1963.
300 ## - PHYSICAL DESCRIPTION
Extent 291с 22 см.
300 ## - PHYSICAL DESCRIPTION
Accompanying material (АНААР ин-ут философии)
653 ## - INDEX TERM--UNCONTROLLED
Uncontrolled term Логика
942 ## - ADDED ENTRY ELEMENTS (KOHA)
Koha item type წიგნი
ეგზემპლარები
Withdrawn status Lost status Damaged status Not for loan Date acquired Barcode Date last seen Price effective from Koha item type
        2018-12-17 16073 2018-12-17 2018-12-17 წიგნი